| 000 | 00689nam a2200217Ia 4500 | ||
|---|---|---|---|
| 999 |
_c41598 _d41598 |
||
| 001 | 8267 | ||
| 003 | GE_BSU | ||
| 005 | 20240307110957.0 | ||
| 008 | 181216s2013||||en |||||||||||||| ||eng|| | ||
| 020 | _a9781842160916. | ||
| 040 | _cGE_BSU | ||
| 080 | _a811.111'36(076) E-93 | ||
| 100 |
_aEvans, Virginia _93157 |
||
| 245 |
_aWork book : Enterprise 1 : Beginner / _cVirginia Evans ; Jenny Dooley. |
||
| 264 |
_aMadein EU : _bExpress Publishing, _c2013. |
||
| 300 |
_a79 p .: _bll. ; _c27 cm. |
||
| 653 | _aWork book:Enterprise 1 : Beginner | ||
| 653 | _aინგლისური ენის გრამატიკა | ||
| 700 |
_aDooley Jenny _93165 |
||
| 942 |
_cBK _2udc |
||